| 000 | 00480nam a2200181 a 4500 | ||
|---|---|---|---|
| 005 | 20230602063658.0 | ||
| 008 | 991125s1965 mx 000 0 spa u | ||
| 035 | _aUPN01000022866 | ||
| 049 | _aCG | ||
| 050 | 4 |
_aPQ7298.22 E5 _bE7.7 |
|
| 100 | 1 |
_aLeñero, Vicente, _d1933- |
|
| 245 | 1 | 0 |
_aEstudio Q / _cVicente Leñero. |
| 260 |
_aMéxico : _bJ. Mortiz, _c1965. |
||
| 300 | _a301 p. | ||
| 440 | 0 | _aNovelistas contemporáneos | |
| 650 | 4 |
_aNovela mexicana _94557 |
|
| 905 | _aLibro | ||
| 999 |
_c22866 _d22866 |
||